000 00916cam a22002651 4500
001 ca 36000323
003 DLC
005 20260227111141.0
008 741119s1934 xx 000 0 eng
010 _aca 36000323
035 _a(OCoLC)1080401
040 _aDLC
_cOU
_dDLC
050 0 0 _aH11
_b.I55
082 _a307.2
110 2 _aInstitute of Social and Religious Research.
245 0 4 _aThe Institute of social and religious research, 1921-1934.
260 _a[New York,
_bThe Institute,
_cpref. 1934]
300 _a59 p.
_c21 cm.
500 _a"Foreword" signed by John R. Mott, president of the institute.
500 _a"Appendix, List of institute publications": p. 53-59.
500 _aPrepared by Galen M. Fisher. cf. Foreword.
500 _aThe institute was dissolved October 20, 1934.
700 1 _aMott, John R.
_q(John Raleigh),
_d1865-1955.
700 1 _aFisher, Galen Merriam,
_d1873-1955.
999 _c18066
_d18066